Teams to Have Played in a Champions League Final -- Sudden Death - Statistics

General Stats
  • This quiz has been taken 132 times
    116 since last reset
  • The average score is 10 of 18
Answers on the Grid
Answers color-coded by a green-red scale on the quiz's grid according to % correct below.
Manchester United
Atlético Madrid
Nantes
Arsenal
Malmo
Atalanta
Fenerbahçe
Villarreal
Hamburg
Girondins Bordeaux
Stade de Reims
Lazio
Nottingham Forest
Bayer Leverkusen
Sampdoria
Legia Warsaw
Celtic
Barcelona
Real Madrid
Rangers
AC Milan
CSKA Sofia
Dinamo Kiev
Sevilla
Galatasaray
Benfica
Sparta Prague
Olympiacos
Partizan Belgrade
RB Leipzig
Saint-Étienne
Panathinaikos
Young Boys
Athletic Bilbao
Anderlecht
AS Roma
 
Answer Stats
Answer % Correct
Manchester United
100%
Atlético Madrid
95%
Arsenal
85%
Barcelona
83%
AC Milan
81%
Real Madrid
81%
Nottingham Forest
75%
Benfica
67%
Celtic
67%
Bayer Leverkusen
61%
Hamburg
56%
Sampdoria
36%
Stade de Reims
36%
AS Roma
32%
Partizan Belgrade
25%
Malmo
20%
Saint-Étienne
20%
Panathinaikos
17%
No matching quizzes found
Score Distribution
Percent of People with Each Score
Percentile by Number Answered
Your Score History
You have not taken this quiz since the last reset